A Bödön, mint helyi piac elemzése, a kistermelők véleménye alapján [The analysis of a local market, Bödön – on the perspective of the small farmers]

Elmentve itt :
Bibliográfiai részletek
Szerzők: Lendvai Edina
Ördög Ágnes
Dokumentumtípus: Cikk
Megjelent: 2018
Sorozat:GEORGIKON NAPOK 60
mtmt:30479443
Online Access:http://publicatio.bibl.u-szeged.hu/20332
LEADER 00726nab a2200193 i 4500
001 publ20332
005 20210201122239.0
008 210201s2018 hu o 0|| zxx d
022 |a 0230-9432 
024 7 |a 30479443  |2 mtmt 
040 |a SZTE Publicatio Repozitórium  |b hun 
041 |a zxx 
100 1 |a Lendvai Edina 
245 1 2 |a A Bödön, mint helyi piac elemzése, a kistermelők véleménye alapján [The analysis of a local market, Bödön – on the perspective of the small farmers]  |h [elektronikus dokumentum] /  |c  Lendvai Edina 
260 |c 2018 
300 |a 231-239 
490 0 |a GEORGIKON NAPOK  |v 60 
700 0 1 |a Ördög Ágnes  |e aut 
856 4 0 |u http://publicatio.bibl.u-szeged.hu/20332/1/lendvai_teljes.pdf  |z Dokumentum-elérés